LEADER 01128nam a2200229 i 4500 001 000000004798 003 CaOOAMICUS 005 20180830125437.0 008 180830s1877 it u000 u ita u 040 $aSeMil$bita 100 1 $aCurtius, Ernst Robert,$d<1886-1956>.$0(OLS)http://semarc/name/89370 245 10$aStoria greca /$cErnesto Curtius ; prima traduzione italiana fatta sulla quarta edizione originale tedesca da Giuseppe Müller e Gaetano Oliva ; corredata di nuove aggiunte dall'autore. 260 $aRoma [etc.] :$bErmanno Loescher,$c1877-1884. 300 $a3 v. ;$c23 cm. 650 4$aStoria greca.$0(OLS)http://semarc/subject/44611 700 1 $aOliva, Gaetano <1843-1938>.$0(OLS)http://semarc/name/89371 700 1 $aMüller, Josef <1825-1895>.$0(OLS)http://semarc/name/21468 774 0 $tSino alle guerre persiane.$g1$w()85649 774 0 $tFino alla caduta dell'indipendenza greca.$g3$w()257350 774 0 $tFino al termine della guerra del Peloponneso.$g2$w()257351 996 $6245$aStoria greca$9(OLS)http://semarc/title/890 996 $6260$aRoma [etc.] :$bErmanno Loescher$9(OLS)http://semarc/publisher/42140 LEADER 01229nam a2200229 i 4500 001 000000208515 003 CaOOAMICUS 005 20111122000000.0 008 111122s1591 it u000 u ita u 013 $a187300 040 $aSeMil$bita 245 10$aAnnuncio della sua traslazione dal vescovado di Novara a quello di Cremona (Roma, 1 marzo 1591) 260 $aNovara :$bex typis haer. Francisci Sexalli,$c1591. 300 $a27,5 x 38,5 ;$cfol. 1 ;$crom. 500 $aE' legato in una miscellanea di : Bolle, ecc. - Descrizione da : Incunaboli e Cinquecentine della Biblioteca del Seminario di Milano / catalogo a cura di Ubaldo Valentini, Milano 1981. - Numero di Catalogo : 1479. 700 1 $aSpeciano, Cesare,$c.$0(OLS)http://semarc/name/29670 710 2 $aDiocesi di Novara.$0(OLS)http://semarc/name/2455 850 $aSeMil 852 $aSeMil$W1$xVenegono$y1$mFV.F V 3/87$j158969$B158969$CSeMilBibl$Z2$F170075 $86 961 $aRecupero: Ronchetti Maria 996 $6245$aAnnuncio della sua traslazione dal vescovado di Novara a quello di Cremona (Roma, 1 marzo 1591)$9(OLS)http://semarc/title/301537 996 $6260$aNovara :$bex typis haer. Francisci Sexalli$9(OLS)http://semarc/publisher/52283